000 00462nam a22001697a 4500
999 _c16417
_d16417
020 _a9789332542020
082 _a624.151MCC
100 _aMccarthy, David F.
245 _aEssentials of Soil Mechanics and Foundation Engineering
250 _a7th ed.
260 _aNew Delhi:
_bPearson Education,
_c2015.
300 _a844p. ;
650 _aSoil mechanics
650 _aFoundations
856 _uhttp://10.10.170.122:8080/browse/book/14837
942 _cBK